[Event "Corus Wijk aan Zee"]
[Site " Wijk aan Zee"]
[Date "2007.01.14"]
[Round "1"]
[White "GM van Wely, Loek (NED)"]
[Black "GM Radjabov, Teimour (AZE) "]
[Result "0-1"]
[WhiteElo "2676"]
[BlackElo "2729"]
[Annotator "Ðîìàí Âèëÿâèí "]
[PlyCount "80"]
[EventDate "2007.01.??"]
[EventType "tourn"]
[EventCountry "NED"]
[EventCategory "19"]
[Source "CrestBook.com"]

1. d4 Nf6 2. c4 g6 3. Nc3 Bg7 4. e4 d6 5. Nf3 O-O 6. Be2 e5 7. O-O Nc6 8. d5
Ne7 9. b4 {Ïðîäîëæåíèå òåîðåòè÷åñêîé äóýëè â âàðèàíòå Òàéìàíîâà. Â 2005-ì â
Õàíòû-Ìàíñèéñêå Âàí Âåëè îäåðæàë ïîáåäó, ÷òî áóäåò íà ýòîò ðàç?} Nh5 10. Re1
f5 11. Ng5 Nf6 12. f3 Kh8 {#} ({
Â ïàðòèè Âàí Âåëè - Ñòåëëâàãåí èç ÷åìïèîíàòà Ãîëëàíäèè 2005 ãîäà áûëî} 12... c6
13. Kh1 h6 14. Ne6 Bxe6 15. dxe6 Ne8 16. Qb3 Nc7 17. c5 d5 18. exd5 cxd5 19.
Bb2 {, è áåëûì óäàëîñü ðàçâèòü ñåðü¸çíóþ èíèöèàòèâó, àòàêóÿ ïåøêó d5.}) 13.
Ne6 ({Íåìåäëåííîå} 13. c5 {, èñïûòàííîå Çîëòàíîì Ãèìåøè ïðîòèâ Ðàäæàáîâà íà
Àýðîôëîòå 2005, áûëî âñòðå÷åíî íåñêîëüêî íåîæèäàííûì} dxc5 $1 {
, è äàëåå, ïîñëå} 14. bxc5 h6 15. Ne6 Bxe6 16. dxe6 Qd4+ 17. Qxd4 exd4 {
, Òåéìóðó óäàëîñü ïåðåèãðàòü ñâîåãî ñîïåðíèêà. Âïðî÷åì ó áåëûõ ïîëíîàëüòåðíàòè
â: 13.Be3, 13.Rb1, 13.Qb3.}) 13... Bxe6 14. dxe6 {Ïåøêà å6 âîâñå íå òàê ñëàáà,
êàê êàæåòñÿ íà ïåðâûé âçãëÿä, êðîìå òîãî, å, çàâîåâàíèå òðåáóåò çíà÷èòåëüíîãî
âðåìåíè.} Nh5 {Òåéìóð ñâîðà÷èâàåò ïåðâûì!} ({Â Õàíòû-Ìàíñèéñêå áûëî} 14...
fxe4 15. fxe4 Nc6 16. Nd5 Nxe4 17. Bf3 Nf6 18. b5 {
c ïåðåâåñîì áåëûõ (Âàí Âåëè - Ðàäæàáîâ, Õàíòû-Ìàíñèéñê 2005).}) ({Áåññìûñëåííî
} 14... Qc8 {ââèäó} 15. Nd5 $1) 15. g3 {
Òèïè÷íîå îãðàíè÷åíèå ïîäâèæíîñòè êîíÿ.} Bf6 $1 {Ïóòü âïåð,ä êàâàëåðèè
ïðåãðàæä,í, çíà÷èò ñàìîå âðåìÿ âåðíóòüñÿ â áîé îãîðîäàìè! Â ðîëè îãîðîäà
âûñòóïàåò ïîëå g7, ïðîñèì ëþáèòü è æàëîâàòü.} ({Ïåðåâîä êîíÿ íà d4 ïóò¸ì} 
15... Nc6 {íàòàëêèâàåòñÿ íà íåïðèÿòíîå} 16. Nd5) 16. c5 {Áåëûõ íå óñòðàèâàåò
ñïîêîéíîå ðàçâèòèå ñîáûòèé - âåäü åñëè ïðîìåäëèòü ìîæíî îñòàòüñÿ è áåç ïåøêè
å6, è áåç êîìïåíñàöèè çà íå,.} ({
Òðóäíîñòè, èõ ïîäñòåðåãàþùèå, âèäíû â âàðèàíòå} 16. Bh6 Ng7 17. Nd5 (17. Rb1
Re8) 17... f4 $1 18. g4 Bh4 19. Rf1 c6 $1) 16... f4 {×¸ðíûå ñòðåìÿòñÿ
çàìîðîçèòü ïåøå÷íûå öåïî÷êè è ñïîêîéíî çàíÿòüñÿ «îôîðìëåíèåì» áëóäíîé
ïåøêè å6, îá àòàêå íà áåëîãî êîðîëÿ ñ òàêîé «ãàðìîíèåé» ôèãóð ðå÷è áûòü íå
ìîæåò.  #} 17. g4 $2 {Ðóêà ñàìà òÿíåòñÿ ñäåëàòü ýòîò õîä, íî ïîõîæå ýòî îøèáêà!
} ({Ïðåäëàãàåòñÿ ïîêà çàùèòèòü ïåøêó g3 ïóò¸ì} 17. Kg2 $1 {, ñîõðàíÿÿ çà ñîáîé
âîçìîæíîñòü êàê ïîéòè g4, òàê è âçÿòü ïåøêó f4. Â âàðèàíòàõ òàêæå âîçìîæíû
îïåðàöèè ïî ëèíèè «h». ß ðàññìàòðèâàë çäåñü äâà ïðîäîëæåíèÿ: 1) 17...à5 è 2)
17...Nc6. È â îáîèõ ñëó÷àÿõ ó ÷¸ðíûõ êîíòðèãðà, õîòÿ, ëè÷íî ìíå êàæåòñÿ,
÷òî áåëûå âïðàâå ðàññ÷èòûâàòü íà íåêîòîðîå ïðåèìóùåñòâî:} a5 ({â âàðèàíòå} 
17... Nc6 18. Nd5 Ng7 19. cxd6 cxd6 20. e7 Nxe7 21. Nxf6 Rxf6 22. gxf4 {
ó áåëûõ ïîëíûé ïîðÿäîê}) 18. cxd6 cxd6 {Òåïåðü ïîñëå} 19. bxa5 {
òÿæåëî ïîãàñèòü àêòèâíîñòü ÷¸ðíûõ ôèãóð:} Rxa5 20. Bd2 ({â ñëó÷àå} 20. Nb5 {
íóæíî èçó÷àòü} d5 $5) 20... Nc6 {è òåïåðü îïàñíî} 21. Nb5 $6 {ââèäó} Rxb5 $1
22. Bxb5 Nd4 23. Bc4 fxg3 24. hxg3 Bh4 $1 {ñ ñèëüíîé àòàêîé.}) ({Ëó÷øå} 17.
Kg2 $1 a5 18. cxd6 cxd6 19. Nb5 {òî} d5 20. exd5 fxg3 21. d6 {Ñóìàñøåäøàÿ
ïîçèöèÿ. Êòî áóäåò ñî ùèòîì, à êòî íà í,ì - åù¸ âîïðîñ, íî ìíå êàæåòñÿ ÷òî
áåëûå äîñòèãëè íåñêîëüêî áîëüøåãî, è ñàìîå ãëàâíîå - íàíåñëè óäàð ïåðâûìè.})
17... Ng7 {Íàïàë!} 18. Bc4 {Ïðèõîäèòñÿ äåëàòü îáîðîíèòåëüíûå õîäû, ÷òî óæå
ëîãè÷åñêè íå óâÿçûâàåòñÿ ñ êîíöåïöèåé èãðû áåëûõ. Ïåøêà å6 ïðåäïîëàãàåò
àêòèâíîñòü!} ({Íå ðåøàåò ïðîáëåì è} 18. Nb5 a6 19. cxd6 axb5 20. dxe7 Qxe7)
18... Nc6 {È ñíîâà íàïàë! Î÷åâèäíî, ÷òî èíèöèàòèâà óæå ó ÷¸ðíûõ.} 19. cxd6
cxd6 20. Ne2 $146 {Áóäåòå ñìåÿòüñÿ, íî âñ¸ ýòî óæå ðàíüøå âñòðå÷àëîñü, è ëèøü
ïîñëåäíèì õîäîì ïàðòí,ðû âûõîäÿò íà ñàìîñòîÿòåëüíóþ äîðîãó.} ({Îöåíêà ïîçèöèè
ïîäòâåðäàåòñÿ è ðåçóëüòàòîì ïàðòèè Òåéàñ Áàêðå - Àëåêñåé Êóçüìèí (Äóáàè, 2002):
} 20. Nb5 Nxe6 21. Qxd6 Qb6+ 22. Kg2 Bh4 23. Re2 Rad8 24. Qxe6 Rf6 {
è ÷¸ðíûå áëàãîïîëó÷íî «ïåðåâàðèëè» ñâîþ êðóïíóþ äîáû÷ó.}) 20... Rc8 {
Ïîçèöèÿ áåëûõ íàïîìèíàåò ðåøåòî - è äèàãîíàëü g1-a7 ñâèñòèò, è ïåøêè âèñÿò...}
21. Bd5 Nxb4 22. Rb1 (22. Bxb7 Qb6+) 22... Nc2 $1 (22... Nxd5 23. exd5 {
îñòàâëÿëî áåëûì íàäåæäó âîäðóçèòü «áëîêàäíîãî» êîíÿ íà å4.}) 23. Rf1 b6 {
Ïîäâåä,ì ïðîìåæóòî÷íûå èòîãè: ñëàáîñòü ïåøêè å6 ñòàëà êàê íèêîãäà àêòóàëüíîé,
â òî æå âðåìÿ êîíòðàòàêîâàòü ïåøêó d6 íå ïðåäñòàâëÿåòñÿ âîçìîæíûì ââèäó
íåóêëþæåãî ðàñïîëîæåíèÿ ôèãóð. ×åðíîïîëüíûé ñëîí áåëûõ íè÷óòü íå ëó÷øå
ñâîåãî êîëëåãè, âäîáàâîê åäèíñòâåííàÿ ëèíèÿ - â ðóêàõ ÷¸ðíûõ! Äà, ÷óòü íå
çàáûë, ïðè âñ¸ì ïðè ýòîì ó ÷¸ðíûõ - óæå ëèøíÿÿïåøêà!} 24. Rb2 Ne3 25. Bxe3
fxe3 {Çàáàâíåéøåå ïîëîæåíèå - ïåøå÷íîå ñòîëïîòâîðåíèå íà ëèíèè «å»!  #} 26.
Qb3 Bg5 27. Nc3 Rc5 {Ïðèîðèòåòû ðàññòàâëåíû - ïåøêà å6 îòõîäèò íà âòîðîé ïëàí.}
28. Na4 Rc7 29. Nc3 Qc8 30. Nb5 {Åäèíñòâåííûé øàíñ çàïóòàòü ïðîòèâíèêà.} Rc1
31. Rb1 (31. Nxd6 e2 $1 32. Rxe2 Qc5+) 31... Rxf1+ 32. Rxf1 Qc5 33. Kg2 Rc8 34.
Re1 ({Íå óäà,òñÿ âîññòàíîâèòü ìàòåðèàëüíûé áàëëàíñ ïóò¸ì} 34. Nxa7 {èç-çà} Qc2+
35. Qxc2 Rxc2+ 36. Kh3 Bf4 {áåëûé ìîíàðõ îáðå÷,í.}) 34... a6 35. Na3 Qd4 36.
Re2 ({Íà} 36. Nc4 {çàãîòîâëåíî} b5 37. Nxd6 Nxe6 $1) ({
Îäíàêî ñòîèëî ïîïûòàòüñÿ ñîçäàòü ñîïåðíèêó ìàêñèìóì òðóäíîñòåé ïóò¸ì} 36. Rd1
$1 Qc3 37. Bc4 {
Âïðî÷åì, íå ñîìíåâàþñü, ÷òî Òåéìóð íàø,ë áû èçÿùíîå ïîäêëþ÷åíèå êîíÿ -} e2
$1 38. Bxe2 Qxb3 39. axb3 Nxe6 {ñ âûèãðàííîé ïîçèöèåé.}) 36... Rc3 37. Qb2 h5 {
Âîçìîæíî áûëî è íåìåäëåííîå 37...Qd1.} 38. h3 {#} Qd1 $1 39. Bb3 Rxb3 40. axb3
Nxe6 {Îòëè÷íûé ðåâàíø çà ïîðàæåíèå äâóõëåòíåé äàâíîñòè!} 0-1

[Event "Corus Wijk aan Zee"]
[Site " Wijk aan Zee"]
[Date "2007.01.14"]
[Round "1"]
[White "GM Karjakin, Sergey (UKR)"]
[Black "GM Kramnik, Vladimir (RUS) "]
[Result "1/2-1/2"]
[WhiteElo "2678"]
[BlackElo "2766"]
[Annotator "Ðîìàí Âèëÿâèí "]
[PlyCount "65"]
[EventDate "2007.01.??"]
[EventType "tourn"]
[EventCountry "NED"]
[EventCategory "19"]
[Source "CrestBook.com"]

1. e4 e5 2. Nf3 Nf6 3. Nxe5 d6 4. Nf3 Nxe4 5. Nc3 {Íà ëþáèòåëüñêîì óðîâíå
(êñòàòè, ãäå ãðàíèöà ëþáèòåëüñêîãî óðîâíÿ? ;)  âñ¸, ÷òî äî 2400, íàâåðíîå...)
ýòîò âàðèàíò äà,ò âîçìîæíîñòü íåñêîëüêî îæèâèòü ñóõóþ Ðóññêóþ ïàðòèþ.
Îäíàêî, åñëè Âëàäèìèð Êðàìíèê ðåøèë «îòñóøèòü» ÷¸ðíûìè â çàùèòå Ïåòðîâà,
ïîìåøàòü åìó ìîæåò ðàçâå ÷òî ïîæàð!  (Áûëà , ïðàâäà, îäíà ïàðòåå÷êà: Topalov
- Kramnik (Linares 1999), êîòîðàÿ íà÷àëàñü òàê: 1.e4 e5 2.Nf3 Nf6 3.Nxe5 d6 4.
Nxf7!? Ãàìáèò Êîõðåíà! Íî è îíà çàâåðøèëàñü âíè÷üþ! - vasa).} Nxc3 6. dxc3 {
Çà áåëûõ â äàííîé ïîçèöèè îòìåòèëèñü Òîïàëîâ, ñàì Êðàìíèê, Àíàíä, Ëåêî,
Ñâèäëåð, Àäàìñ, Øèðîâ è èíûå îôèöèàëüíûå ëèöà. Êñòàòè, ëþáèòåëÿì ñòàòèñòèêè
ñîîáùó, ÷òî ó áåëûõ çäåñü âåñüìà ïðèëè÷íûé ïëþñ. Àãèòàöèÿ îêîí÷åíà, ïîðà
ïåðåõîäèòü ê ïàðòèè.} Be7 7. Bf4 {Òàêæå èãðàþò Be3, òîëüêî çäåñü ó ÷¸ðíîãî
êîíÿ ïîÿâëÿåòñÿ èíîé ìàðøðóò Nc6-e5. Ýõ, åñëè áû ñëîíû ìîãëè ðàçäâàèâàòüñÿ...}
O-O 8. Qd2 Nd7 $1 ({Íåóäà÷íî áóäåò ðàñïîëîæåí êîíü ïîñëå øàáëîííîãî} 8... Nc6
$6) 9. O-O-O Nc5 {Âàæíûé ïóíêò d3 âçÿò ïîä êîíòðîëü.} 10. Be3 {
Ñêðîìíîå ïðîäîëæåíèå, òàê ñêàçàòü «òàíåö îò ðàâåíñòâà».} ({
Áîëåå àìáèöèîçíûé òàíåö (ñ ñàáëÿìè!) ìîæíî áûëî ñïëÿñàòü â âàðèàíòå} 10. h4 $5
Bf6 11. Ng5 h6 12. Bd3 {
Ïðîøëîãîäíÿÿ ïàðòèÿ Òîïàëîâà ñ Áàêðî (Âåéê àí Çåå 2006) ïðîäîëæàëàñü òàê:}
Nxd3+ 13. Qxd3 g6 14. Nf3 h5 15. Rde1 Bf5 16. Qd2 Re8 17. Bg5 {è äàëåå Âåñåëèí,
íå áåç «àêòèâíîé» ïîìîùè Ýòüåíà, ñóìåë ðåàëèçîâàòü íåáîëüøîé ïëþñèê,
êîòîðûé ó íåãî îáðàçîâàëñÿ â äàííîé ïîçèöèè.}) 10... Re8 11. Bc4 Be6 12. Bxe6
Nxe6 {Ïî áîëüøîìó ñ÷,òó, ó áåëûõ íè÷åãî íåò. ×óòü ïîñâîáîäíåå ïîçèöèÿ, íà
äâå êîïåéêè ëó÷øå ðàñïîëîæåíà òÿæ,ëàÿ àðòèëëåðèÿ. Âîò òîëüêî îáúåêòîâ äëÿ
àòàêè íåò. Ñëåäóþùèìè õîäàìè áåëûå ïðîáóþò ýòîò «íåäîñòàòîê» â ïîçèöèè
ïðîòèâíèêà ëèêâèäèðîâàòü.} 13. h4 Qd7 14. Qd3 Qc6 15. Qf5 Qc4 $146 {Ëîãè÷íàÿ í
îâèíêà - àêòèâèçèðîâàòü ñàìóþ ñèëüíóþ ôèãóðó ñåé÷àñ âïîëíå óìåñòíî.} ({
Ïàññèâíî âûãëÿäèò} 15... Nf8 {(Íàéäè÷ - Áàêðî, Ìîíïåëüå, 2006).}) 16. Ng5 Bxg5
({Êîíå÷íî, íå} 16... Nxg5 $4 17. hxg5 {è ïóíêò h7 áåççàùèòåí.}) 17. hxg5 Nf8
18. Kb1 Re5 19. Qd3 Qxd3 20. cxd3 {
Íà äîñêå öàðèò åãî âåëè÷åñòâî ÂÅËÈÊÎÅ ÐÀÂÍÎ.} Rae8 21. Rh3 b6 22. Kc2 R5e6 23.
Rdh1 f6 {Òàêèì ïóò¸ì Êðàìíèê ðåøàåò ïðîáëåìó çàùèòû ïåøêè «h».} ({
Âåðîÿòíî, ìîæíî áûëî è ïðîñòî ñòîÿòü -} 23... Re5 {è ò.ä.}) 24. gxf6 Rxf6 25.
d4 {Çà÷åì ñòàâèòü ïåøêó íà öâåò ñëîíà áåç íåîáõîäèìîñòè?} ({
Ìíå áîëüøå íðàâèòñÿ} 25. Rh4 {çàíèìàÿ ðîêàäíóþ ãîðèçîíòàëü â öåíòðå. Âïðî÷åì,
ìàÿòíèê íà ñêîëüêî-íèáóäü çíà÷èìîå ðàññòîÿíèå îò ðàâåíñòâà íå îòêëîíÿåòñÿ è
çäåñü.}) 25... d5 26. Kd3 h6 {×¸ðíûé ìóñòàíã òåïåðü ñâîáîäåí â ñâîèõ æåëàíèÿõ!
} 27. Rh5 c6 28. b3 (28. Re5 Kf7 $11) 28... Rg6 29. Rg1 ({Ãàðìîíè÷íåå âûãëÿäèò
} 29. g3) 29... Nd7 30. g4 Nf6 31. Rh4 Ne4 32. Rh5 Nf6 33. Rh4 {
Ñîãëàñèëèñü íà íè÷üþ.} 1/2-1/2

[Event "Corus Wijk aan Zee"]
[Site " Wijk aan Zee"]
[Date "2007.01.14"]
[Round "1"]
[White "GM Shirov, , Alexei (ESP)"]
[Black "GM Svidler, Peter (RUS)"]
[Result "1/2-1/2"]
[WhiteElo "2715"]
[BlackElo "2728"]
[Annotator "Ðîìàí Âèëÿâèí "]
[PlyCount "52"]
[EventDate "2007.01.??"]
[EventType "tourn"]
[EventCountry "NED"]
[EventCategory "19"]
[Source "CrestBook.com"]

1. d4 Nf6 2. c4 g6 3. Nc3 d5 {Ï,òð íå ìåíåå ïðèíöèïèàëåí â äåáþòå, íåæåëè
Òåéìóð! «Ãðþíôåëüä» - è íèêàêèõ ãâîçäåé!} 4. cxd5 Nxd5 5. e4 Nxc3 6. bxc3
Bg7 7. Bc4 c5 8. Ne2 Nc6 9. Be3 O-O 10. O-O Bd7 ({
Ïðàêòè÷åñêè äî äûð çàèãðàí âàðèàíò} 10... Bg4 11. f3 Na5) 11. Rb1 ({
Àëüòåðíàòèâà -} 11. Rc1 {Èíòåðåñóþùèåñÿ ìîãóò ïîñìîòðåòü ïàðòèè Ãåîðãèåâ -
Äæàðàç (Îõðèä, 2001) Îíèùóê - Ñâèäëåð (Õàëêèäèêè, 2002) è Ïðóñèõèí - Ñâèäëåð
(áóíäåñëèãà 2002) ñ ïîäðîáíûìè ïðèìå÷àíèÿìè Mickey èç ChessBase Magazine
(>=84, 92 è 93 ñîîòâåòñòâåííî).}) 11... Qc7 {Åñëè ÌåãàÁàçà íå âð,ò, âïåðâûå
âåñü ýòîò âàðèàíò ñ 10...Bd7 Ñâèäëåð èñïûòàë â ïàðòèè ñ Áåãóíîâûì åù¸ â 1994
ãîäó. Â íåé æå èì áûë ïðèìåí,í è ôèðìåííûé ïëàí, íà÷èíàþùèéñÿ õîäîì 11...a6 .
Ïîçäíåå çà ÷¸ðíûõ òàê èãðàëè, êðîìå Ñâèäëåðà, Èâàí÷óê ñ Íèëüñåíîì, Crest ñ
Ñàêàåâûì, Âàëüåõî ñ Øèðîâûì. Íàñêîëüêî ÿ ïîíÿë, âàðèàíò íå çàêðûò äî ñèõ ïîð...
} 12. Bd3 {Ìîæåò áûòü Àëåêñåé ïåðåïóòàë ïîðÿäîê õîäîâ?} ({
«Ìíå êàæåòñÿ, âìåñòî 12.Bd3 îïàñíåå äëÿ ÷åðíûõ} 12. Bf4 {
- îòáðàñûâàÿ ÷åðíîãî ôåðçÿ íà ñ8 åù¸ äî âûõîäà ëàäüè ñ à8» (Crest).} Qc8 13.
d5 Na5 14. Bd3 {êàê áûëî â ïðîøëîãîäíåì Ôîðîñå â ïàðòèè Øèðîâ - Àðåùåíêî.})
12... Rad8 13. Bf4 $146 ({Òàêæå íè÷åãî îñîáåííîãî íå îáåùàåò áåëûì è} 13. Qc1
Be6 14. Bf4 Qc8 15. d5 Ne5 {(Àíòè÷ - Ìèõàëåâñêèé, Ëàñ Âåãàñ 2006).}) 13... Qc8
14. d5 {Áîëüøå óñèëèâàòü âðîäå áû «íåêîãî», ïîðà äâèãàòü ïåøêè.} Ne5 15. Bxe5
Bxe5 16. f4 Bg7 17. c4 {Ïåøå÷íûé öåíòð âûãëÿäèò ãðîçíî è ïîêà ñêîâûâàåò
ïîäâèæíîñòü ïàðû ñëîíîâ. Îäíàêî íå áóäåì çàáûâàòü, ÷òî ó ÷¸ðíûõ ìíîæåñòâî
âîçìîæíîñòåé äëÿ åãî ïîäðûâà!} e6 ({Íà} 17... b5 {áåëûå ìîãëè õîëîäíî âîçðàçèòü
} 18. e5 $1) 18. f5 $2 {Î÷åíü îòâåòñòâåííîå ðåøåíèå! Èãðà íà äèíàìèêó, áåç
÷åðíîïîëüíîãî ñëîíà, äà åù¸ è ñ òàêèìè «äûðêàìè» âåñüìà ðèñêîâàííà.} ({
Ñïîêîéíîå ðàâåíñòâî íà äîñêå ìîæíî áûëî ñîõðàíèòü ïóò¸ì} 18. Qc2 {è íå ïðîõîäèò
} b5 $2 {ââèäó} 19. dxe6 $1 Bxe6 20. Rxb5 Qd7 21. Rb3 {
è áåëûå óäåðæèâàþò ëèøíþþ ïåøêó.}) 18... exf5 19. exf5 b5 {
Îò ãîðäîãî áåëîãî öåíòðà îñòàëèñü îäíè âîñïîìèíàíèÿ.} ({Îïàñíî âûãëÿäèò} 19...
Be5 20. Qc1 $1 Qc7 21. f6 Qd6 22. Rxb7) 20. f6 {Ïîñëåäîâàòåëüíî!} ({
Ïîïûòêà çàòêíóòü ñëîíîâüþ íîðêó íà h6 ïóò¸ì} 20. Qc1 {
ïîçâîëÿëà æèâîòíîìó âûñêî÷èòü ñ äðóãîé ñòîðîíû:} Be5 {è òåïåðü óæå íåõîðîøî}
21. f6 $6 Qa6 22. Qg5 Rfe8 {ñ ïðåèìóùåñòâîì ÷¸ðíûõ.}) 20... Bh6 21. Nc3 (21.
cxb5 c4) 21... bxc4 22. Bxc4 Bf5 23. Bd3 Bg4 24. Be2 Bf5 $2 ({
Ïðîäîëæèòü áîðüáó ìîæíî áûëî ïóò¸ì} 24... Be3+ 25. Kh1 Bxe2 26. Qxe2 Bd4 27.
Qd2 Bxc3 28. Qxc3 Rxd5 29. Qe3 Rh5 {îäíàêî ïîñëå} 30. Qe7 {
êîíòðèãðà áåëûõ âûãëÿäèò äîñòàòî÷íî ñåðüåçíîé.  Íî òàê ëè ýòî íà ñàìîì äåëå?}
c4 $1 31. Rfc1 ({ýôôåêòíî îïðîâåðãàåòñÿ ïîïûòêà ïðîáðàòüñÿ íà h6:} 31. Rb7 Rc5
32. Qe3 Rf5 $1) 31... Rc5 32. Qxa7 c3 (32... Rc6 $5) 33. Rb8 $1 Qxb8 34. Qxc5
Rc8 35. Qe3 Qd6 {
è ÷åðíûå äîëæíû ïîáåäèòü. Ïîõîæå, ÷òî Ï,òð óïóñòèë îòëè÷íûå øàíñû íà ïîáåäó!
}) 25. Bd3 Bg4 26. Be2 Bf5 1/2-1/2

[Event "Corus Wijk aan Zee"]
[Site " Wijk aan Zee"]
[Date "2007.01.13"]
[Round "1"]
[White "GM Tiviakov, Sergey (NED)"]
[Black "GM Carlsen, Magnus (NOR)"]
[Result "1/2-1/2"]
[WhiteElo "2667"]
[BlackElo "2690"]
[Annotator "Âàñèëèé Ëåáåäåâ"]
[PlyCount "47"]
[EventDate "2007.01.??"]
[EventType "tourn"]
[EventCountry "NED"]
[EventCategory "19"]
[Source "CrestBook.com"]

1. e4 c5 2. c3 Nf6 3. e5 Nd5 4. Nf3 Nc6 5. Bc4 Nb6 6. Bb3 d5 7. exd6 Qxd6 8.
Na3 {Êîíü íà à3 - ýòî ïî÷òè âñåãäà çàáàâíî!} a6 9. O-O Bf5 10. d4 cxd4 11.
Nxd4 Nxd4 12. cxd4 e6 13. Qf3 Qd7 ({Ðûáêå òóò «íðàâèòñÿ»} 13... Qc6 $5) 14.
d5 $1 {Ñàìûé êðàñèâûé õîä â ïàðòèè.} Nxd5 15. Rd1 Bxa3 {Äåðæàòüñÿ çà ïåøêó
îïàñíî, ýòî, â ïðèíöèïå, ÿñíî è èç îáùèõ ñîîáðàæåíèé, íî âñ¸ æå ïîàíàëèçèðóåì
äëÿ ðàçìèíêè. Óæ òàêîâà íàøà, «îáîçðåâàòåëüñêàÿ», ïëàíèäà â ýòîì 1-ì òóðå
ýòîãî Âåéêà...} ({Òî åñòü:} 15... Rd8 $6 16. Nc4 $1 {Êîãäà çàñòîÿâøèéñÿ «êîíü
Òàððàøà» â öåíòð ïîïàäàåò, òî íåøóòî÷íóþ àêòèâíîñòü îí òàì íåðåäêî
ðàçâèâàåò...  È ñîâåðøåííî âíåçàïíî ÷¸ðíûì íàäî ñåðü¸çíî ïðèçàäóìàòüñÿ: 
Íàïðèìåð,} Qc7 {ïûòàÿñü èçáåæàòü «âàðèàíòà»} (16... Be7 $2 17. Nb6 $1) {
íî ñëåäóåò} 17. Ne3 $1 Nxe3 18. Rxd8+ {
è ÷¸ðíûå ëèøàþòñÿ ïðàâà íà ðîêèðîâêó, òàê êàê íåëüçÿ} Qxd8 {
èç-çà «ïðîìåæóòêà»} 19. Qxb7 $1 {è ò.ä.}) ({
Âñëåäñòâèå âûøåñêàçàííîãî, ñèëüíåå} 15... Rd8 {[%emt 0:00:00]} 16. Nc4 Bc5 $1 {
è òåïåðü ïîñëå} 17. Ne3 Bxe3 18. Bxe3 O-O 19. Rac1 {
êàêîå-òî äàâëåíèå íà ïîçèöèþ ïðîòèâíèêà áåëûå îêàçûâàþò, íî ïåøêè-òî íåò!} ({
ïëîõî} 19. Bc5 $2 Rfe8 20. Bb6 Rc8 21. Bxd5 exd5 22. Rxd5 $2 Qe6 $1)) ({Ïîýòîìó
} 15... Rd8 16. Nc4 Bc5 17. Be3 $1 {È åñëè} Bxe3 $2 {òî áåëûå âûèãðûâàþò} 18.
Nxe3 Bg6 19. Bxd5 exd5 20. Nxd5 Qd6 (20... O-O $2 21. Nf6+) 21. Nf4 Qb8 22.
Re1+ Kf8 23. Ne6+) ({Íî âñ¸ óðàâíèâàåòñÿ ïîñëå äîâîëüíî õèòðîãî} 15... Rd8 16.
Nc4 Bc5 17. Be3 Qe7 18. Bxc5 {
(èíîãî òóò, ïî êðàéíåé ìåðå, ìíå â ãîëîâó íå ïðèõîäèò)} Qxc5 19. Rac1 Qe7 20.
Ne5 ({õóæå} 20. Na5 $6 Qb4 21. Bxd5 Bg4 $1 22. Qb3 Qxa5) 20... Qf6 21. Bxd5
Qxe5 $1 22. Bxb7 O-O 23. Qb3 {è ò.ä.}) 16. bxa3 O-O 17. h4 Rac8 ({Äëÿ òàêèõ æå,
êàê è ÿ, îáúÿñíþ, ÷òî õîòÿ äîñêà çàìåòíî îïóñòåëà, íî íåêîòîðûì ôèãóðàì íà
íåé ïî-ïðåæíåìó äîâîëüíî òåñíî:} 17... Rfd8 $2 18. g4 $18) 18. Bxd5 (18. g4 $2
Bc2) 18... exd5 19. Rxd5 Qe6 20. Rxf5 Qe1+ 21. Kh2 Rxc1 22. Rxc1 Qxc1 23. Qxb7
Qxa3 24. Qd5 ({À òåïåðü âîïðîñ íà çàñûïêó: «âû äóìàåòå, ÷òî ìû ñåé÷àñ
ïðîñìîòðåëè ïàðòèþ ñóïåðèãðîêîâ èç ñóïåðòóðíèðà»? Îòíþäü!  Íà ñàìîì äåëå ìû
ñìîòðåëè, à ñóïåðèãðîêè ïîâòîðÿëè ïàðòèþ Stevanovic,V (2294) - Prevot,E (2208)
(Dresden 2000), â êîòîðîé åù¸ áûëî ñäåëàíî íåñêîëüêî õîäîâ:} 24. Qd5 Qe7 25. g3
g6 26. Rf4 Rd8 27. Qc4 Qb7 28. Rd4 Rc8 29. Qb3 Qxb3 30. axb3 {
÷òî, âïðî÷åì, íà ðåçóëüòàòå íå îòðàçèëîñü}) 1/2-1/2

[Event "Corus Wijk aan Zee"]
[Site " Wijk aan Zee"]
[Date "2007.01.13"]
[Round "1"]
[White "GM Navarra, David (CZE)"]
[Black "GM Aronian, Levon (ARM) "]
[Result "1/2-1/2"]
[WhiteElo "2719"]
[BlackElo "2744"]
[Annotator "Âàñèëèé Ëåáåäåâ"]
[PlyCount "43"]
[EventDate "2007.01.??"]
[EventType "tourn"]
[EventCountry "NED"]
[EventCategory "19"]
[Source "CrestBook.com"]

1. Nf3 Nf6 2. c4 e6 3. Nc3 d5 4. d4 Bb4 5. cxd5 exd5 6. Bg5 Nbd7 7. Rc1 c6 8.
e3 ({Èíòåðåñíûé àíàõðîíèçì. Äåáþò íàçûâàåòñÿ «Çàùèòà Ðàãîçèíà», à
âñòðåòèëàñü ýòà ïîçèöèÿ åù¸ â 1913 ãîäó â ïàðòèè ìíîãîëåòíåãî è áåññìåííîãî
÷åìïèîíà ÑØÀ Ôðýíêà Ìàðøàëëà. Íå îòêàæó ñåáå â óäîâîëüñòâèè ïðèâåñòè
íåêîòîðîå êîëè÷åñòâî õîäîâ èç íåé:} 8. a3 Be7 9. e3 Ne4 10. Bf4 Nxc3 11. Rxc3
O-O 12. Bd3 Nf6 13. Qc2 Re8 14. O-O Bd6 15. Bxd6 Qxd6 16. Ne5 Ne4 17. Bxe4 dxe4
18. Qxe4 f6 19. Nc4 $1 Qxh2+ $1 20. Kxh2 Rxe4 21. f3 {- ó áåëûõ ïåðåâåñ,
êîòîðûé îíè ïîñòåïåííî ðåàëèçîâàëè... 1-0 (Marshall,F-Blanco Estera,R, Havana
1913). Êñòàòè, â ýòîì òóðíèðå Ìàðøàëë âçÿë 1-é ïðèç, îïåðåäèâ ñàìîãî
Êàïàáëàíêó!}) 8... Qa5 9. Bd3 Qxa2 10. O-O Qa5 11. Ne5 O-O {Ìîæåò, è íå
íîâèíêà, íî âî âñÿêîì ñëó÷àå íà÷àëî ïóòè ê âûñîêîêëàññíîé «ðûáå»!} ({
Â ïàðòèè-ïåðâîèñòî÷íèêå áûëî ñûãðàíî} 11... Nxe5 12. dxe5 Ng4 13. Bf4 f6 14.
e4 $5 {è âñ¸ çàêðóòèëîñü, çàâåðòåëîñü... 1-0 (Chatalbashev,B (2499)
-Brancaleoni,M (2314), Genova ITA 2005/The Week in Chess)}) 12. Qf3 Nxe5 13.
dxe5 Ng4 14. Qg3 Nxe5 $1 {
Ñèìïàòè÷íî! Íî íàâåðíîå, âñ¸ ýòî ïîäãîòîâëåíî äîìà...} ({Ïëîõî} 14... h6 $2
15. Bf4 g5 16. h3 $1) 15. Qxe5 f6 16. Bxf6 $1 Rxf6 (16... gxf6 {êàæåòñÿ íåâàæíû
ì èç «ïîçèöèîííûõ» ñîîáðàæåíèé («çà÷åì ðàçáèâàòü ïåøêè?»), à ÷òî
ïîêàçûâàåò êîíêðåòíûå âàðèàíòû? Ñìîòðèì:} 17. Qg3+ Kh8 18. Qh4 Rf7 ({
ðàññìîòðèì äâà âàðèàíòà-«ïëîõèøà»:} 18... f5 $2 19. Ra1 Qc5 20. Na2 $1 d4 {
(åäèíñòâåííîå)} 21. Rac1 Qb6 22. Nxb4 Qxb4 23. Rc4 Qd6 24. Rxd4 $16 {è ò.ä.}) (
18... f5 $2 19. Ra1 Qb6 20. Na4 Qa5 21. Qd4+ Kg8 22. Nb6 $1) 19. Nb5 $5 {
Âåñåëåå (íî íå ôàêò, ÷òî ñèëüíåå), ÷åì} ({È òåïåðü} 19. Ra1 {
ïîõîæå, íå òàê ñèëüíî èç-çà} Qb6 20. Na4 Qa5 {è íè÷åãî îñîáåííîãî íå âèäíî...}
21. Rfc1 $5 {
(÷òîáû èãðàòü íà ïîáåäó, íàäî ðèñêîâàòü è ïûòàòüñÿ ðàçâèòü èíèöèàòèâó)} ({
Íó, íè÷üÿ-òî ó áåëûõ åñòü:} 21. Nc3 Qb6 22. Na4)) {Ïîñëå ÷åãî ëó÷øå} 19...
Bf8 $1 ({íåâàæíî} 19... cxb5 20. Ra1 Qb6 21. Qxb4 Bd7 22. Rfc1 {
è â ïîçèöèè ÷¸ðíûõ ñëèøêîì ìíîãî ñëàáîñòåé}) 20. Nd4 Qb4 21. Rc3 $1 Qxb2 22.
Rb3 Qa2 $1 ({íî íå} 22... Qd2 $2 23. Ra1 $1 $18 {
ïîòîìó ÷òî ôåðçü ÷¸ðíûõ ïîéìàí!}) 23. Bg6 $1 {Ñëîí íà÷èíàåò «ôååðèòü»!}
Rg7 24. Bb1 $1 Qd2 $2 {(î÷åíü íàïðàøèâàþùååñÿ; íî ãîðàçäî ñèëüíåå 24...Qa5!)}
25. Qxf6 {Êàê ìû âèäèì, ïðè íåáîëüøîì ;) àíàëèòè÷åñêîì ïîïóñòèòåëüñòâå
äîèãðàëèñü äî ïðàêòè÷åñêè âûèãðûøíîé äëÿ áåëûõ ïîçèöèè. Íàïðèìåð,} Kg8 ({èëè} 
25... Be7 26. Qe5 c5 27. Nf5 Bxf5 28. Rxb7 $1 Bxb1 $2 29. Rxe7 Rag8 30. Rxg7
Rxg7 31. Rxb1 $18) 26. Nf5 Bxf5 27. Bxf5 Bb4 {
È òåïåðü ïðîøó: «ñäåëàéòå ìíå êðàñèâî!»} 28. Bc8 $1 {Î êàê! Ðåñïåêò, Rybka!}
a5 29. Qe5 $1) 17. Qe8+ Rf8 18. Qh5 h6 ({Íè÷üþ ìîæíî çàôèêñèðîâàòü è òàê:} 
18... g6 19. Bxg6 hxg6 20. Qxg6+ Kh8 21. Qh6+ Kg8 $11) 19. Qg6 Rf6 (19... Bd7
20. Qh7+ Kf7 21. Qg6+ {è íàäî âîçâðàùàòüñÿ:} Kg8 $11) 20. Qe8+ Rf8 ({Íåëüçÿ} 
20... Bf8 {èç-çà} 21. Nxd5 $1 {
è ÿñíîå äåëî, ÷òî ó ÷¸ðíûõ óæ íèêàê íå ëó÷øå! Íàïðèìåð:} cxd5 22. Rxc8 Rxc8
23. Qxc8 Qd2 24. Bb5 b6 (24... d4 25. e4) 25. Qd7 {è ò.ä.}) 21. Qg6 Rf6 22.
Qe8+ 1/2-1/2

[Event "Corus Wijk aan Zee"]
[Site " Wijk aan Zee"]
[Date "2007.01.13"]
[Round "1"]
[White "GM Ponomariov, Ruslan (UKR)"]
[Black "GM Anand, Viswanathan (IND)"]
[Result "1/2-1/2"]
[WhiteElo "2723"]
[BlackElo "2779"]
[Annotator "Âàñèëèé Ëåáåäåâ"]
[PlyCount "43"]
[EventDate "2007.01.??"]
[EventType "tourn"]
[EventCountry "NED"]
[EventCategory "19"]
[Source "CrestBook.com"]

1. d4 Nf6 2. c4 e6 3. g3 d5 4. Bg2 Be7 5. Nf3 O-O 6. O-O dxc4 7. Qc2 a6 8. Qxc4
b5 9. Qc2 Bb7 10. Bd2 Ra7 11. Rc1 Be4 12. Qb3 Nc6 13. e3 Qa8 {Ãîä íàçàä ýòî
áûëî íîâèíêîé... «×¸ðíûå ñîçäàëè ñèëüíóþ áåëîïîëüíóþ áàòàðåþ ïî áîëüøîé
äèàãîíàëè. Êîíü f3 â ïàíèêå» (Ñ. Øèïîâ).} 14. Qd1 Nb8 15. Ba5 Rc8 16. Bb6 ({
Íà ïðîøëîì Âåéêå ïàðòèÿ, íà÷àòàÿ ýòèì æå âàðèàíòîì, òàêæå ïðîäîëæàëàñü î÷åíü
íåäîëãî:} 16. Nbd2 Bd5 17. Nb3 Nbd7 18. Rc2 Be4 19. Rc3 Nd5 20. Rcc1 N5f6 21.
Rc3 Nd5 22. Rcc1 N5f6 $11 {
(Gelfand,B (2723)-Karjakin,S (2660)/Wijk aan Zee NED 2006)}) 16... Rb7 17. Bc5
Bxc5 18. dxc5 Ra7 ({Rybka î÷åíü õî÷åò ñûãðàòü} 18... Nc6 {ãì-ì...}) 19. Nbd2
Bd5 20. Qc2 a5 21. a3 a4 22. Qd3 {Âðåìÿ ðåøàþùèõ áèòâ åù¸ íå ïðèøëî...}
1/2-1/2